Derecho penal general : (Registro nro. 29024)
[ vista simple ]
| 000 -LEADER | |
|---|---|
| fixed length control field | 02435nam a2200253Ia 4500 |
| 003 - CONTROL NUMBER IDENTIFIER | |
| control field | CO-CtgCURN |
| 005 - DATE AND TIME OF LATEST TRANSACTION | |
| control field | 20250408190402.0 |
| 008 - FIXED-LENGTH DATA ELEMENTS--GENERAL INFORMATION | |
| fixed length control field | 190723s2001 xx 000 0 und d |
| 020 ## - INTERNATIONAL STANDARD BOOK NUMBER | |
| International Standard Book Number | 9586761487 |
| 040 ## - CATALOGING SOURCE | |
| Original cataloging agency | CO-CtgCURN |
| Language of cataloging | spa |
| Transcribing agency | coctgcurn |
| 082 ## - DEWEY DECIMAL CLASSIFICATION NUMBER | |
| Classification number | 345.861 |
| Item number | V297p |
| 100 ## - MAIN ENTRY--PERSONAL NAME | |
| Personal name | Vargas Vargas, Pedro |
| 9 (RLIN) | 6731 |
| 245 #0 - TITLE STATEMENT | |
| Title | Derecho penal general : |
| Remainder of title | nuevo código penal 2001 en más de mil preguntas con sus respuestas y notas / |
| Statement of responsibility, etc. | Pedro Vargas Vargas y Taylor Londoño Herrera |
| 260 ## - PUBLICATION, DISTRIBUTION, ETC. | |
| Place of publication, distribution, etc. | Bogotá, Colombia : |
| Name of publisher, distributor, etc. | Ediciones Doctrina y Ley, |
| Date of publication, distribution, etc. | 2001 |
| 300 ## - PHYSICAL DESCRIPTION | |
| Extent | 854 páginas ; |
| Dimensions | 24 centímetros. |
| 505 ## - FORMATTED CONTENTS NOTE | |
| Formatted contents note | Cap.1. Derecho y Ley penales -- Cap.2. Fuentes de derecho penal -- Cap.3. Escuelas penales -- Cap.4. Actividades auxiliares del derecho penal -- Cap.5. Breve historia del derecho penal en nuestro territorio -- Cap.6. De las normas rectoras de la ley penal colombiana -- Cap.7. Interpretación de la ley -- Cap.8. La ley penal en el espacio -- Cap.9. La extradición -- Cap.10. Sentencia extrajera -- Cap.11. La ley penal en el tiempo -- Cap.12. Servidores públicos -- Cap.13. Conducta punible (sic) -- Cap.14. Tentativa -- Cap.15. La coparticipación -- Cap.16. Concurso de conductas punibles -- Cap.17. Actividad psicofísica del delincuente y formas de culpabilidad -- Cap.18. Ausencia de responsabilidad -- Cap.19. Inimputabilidad -- Cap.20. Las penas y sus consecuencias -- Cap.21. De los criterios y reglas para la determinación de la pena -- Cap.22. Parámetros para la determinación de los mínimos y máximos aplicables -- Cap.23. Fundamentos para la individualización de la pena -- Cap.24. Comunicabilidad de las circunstancias -- Cap.25. Suspensión condicional de la ejecución de la pena -- Cap.26. Libertad condicional -- Cap.27. De las medidas de seguridad -- Cap.28. Reclusión hospitalaria o domiciliaria por enfermedad muy grave -- Cap.29. De la extinción de la acción y de las sanciones penales -- Cap. De la responsabilidad civil derivada de la conducta punible. |
| 520 ## - SUMMARY, ETC. | |
| Summary, etc. | Trata todo lo referente al Derecho Penal; es un texto de consulta permanente para todos los estudiantes de Derecho Penal. |
| 521 ## - TARGET AUDIENCE NOTE | |
| Target audience note | AREA PROFESIONAL |
| 590 ## - LOCAL NOTE (RLIN) | |
| Local note | Programa de Derecho_18 |
| 650 ## - SUBJECT ADDED ENTRY--TOPICAL TERM | |
| Topical term or geographic name entry element | Procedimiento penal |
| 9 (RLIN) | 6732 |
| 700 ## - ADDED ENTRY--PERSONAL NAME | |
| Personal name | Londoño Herrera, Taylor |
| Relator term | autor |
| 9 (RLIN) | 6868 |
| 942 ## - ADDED ENTRY ELEMENTS (KOHA) | |
| Koha item type | Libros |
| Classification part | 345.861 |
| Item part | V297p |
| Source of classification or shelving scheme | Dewey Decimal Classification |
| Suppress in OPAC | No |
| Withdrawn status | Lost status | Damaged status | Not for loan | Collection | Home library | Current library | Shelving location | Date acquired | Inventory number | Total checkouts | Full call number | Barcode | Date last seen | Copy number | Price effective from | Koha item type |
|---|---|---|---|---|---|---|---|---|---|---|---|---|---|---|---|---|
| Miguel Henríquez Castañeda Barranquilla | Miguel Henríquez Castañeda Barranquilla | General | 05/23/2018 | 01863 | 345.861 V297p | 01863 | 07/23/2019 | ej.1 | 07/23/2019 | Libros |